La vida en Cristo / (Record no. 38066)

MARC details
000 -LEADER
campo de control de longitud fija 00951nam a2200265 i 4500
001 - NÚMERO DE CONTROL
campo de control 38066
003 - IDENTIFICADOR DE NÚMERO DE CONTROL
campo de control ES-MaACL
005 - FECHA Y HORA DE LA ÚLTIMA TRANSACCIÓN
campo de control 20250824230753.0
007 - CAMPO FIJO DE DESCRIPCIÓN FÍSICA--INFORMACIÓN GENERAL
campo de control de longitud fija t|
008 - DATOS DE LONGITUD FIJA--INFORMACIÓN GENERAL
campo de control de longitud fija 030224s1951 sp |||| | spa d
080 ## - NÚMERO DE LA CLASIFICACIÓN DECIMAL UNIVERSAL
Número de la Clasificación Decimal Universal 248.212(02)"13"
080 ## - NÚMERO DE LA CLASIFICACIÓN DECIMAL UNIVERSAL
Número de la Clasificación Decimal Universal 265(02)"13"
100 1# - ENTRADA PRINCIPAL--NOMBRE DE PERSONA
Nombre de persona Cabasilas, Nicolás.
9 (RLIN) 33164
245 13 - MENCIÓN DEL TÍTULO
Título La vida en Cristo /
Mención de responsabilidad, etc. Nicolás Cabasilas ; [traducción directa del texto griego y] estudio preliminar de L. Gutiérrez-Vega y Buenaventura García Rodríguez.
260 ## - PUBLICACIÓN, DISTRIBUCIÓN, ETC.
Lugar de publicación, distribución, etc. Madrid :
Nombre del editor, distribuidor, etc. Rialp,
Fecha de publicación, distribución, etc. 1951.
300 ## - DESCRIPCIÓN FÍSICA
Extensión 287 p. ;
Dimensiones 17 cm.
490 1# - MENCIÓN DE SERIE
Mención de serie Patmos.
-- Libros de espiritualidad ;
Designación de volumen o secuencia 7
650 ## - PUNTO DE ACCESO ADICIONAL DE MATERIA--TÉRMINO DE MATERIA
Término de materia o nombre geográfico como elemento de entrada Unión mística.
9 (RLIN) 158577
650 #4 - PUNTO DE ACCESO ADICIONAL DE MATERIA--TÉRMINO DE MATERIA
Término de materia o nombre geográfico como elemento de entrada Sacramentos-
Subdivisión general Iglesia Ortodoxa-
Subdivisión de forma Obras anteriores a 1800.
9 (RLIN) 162550
700 1# - ENTRADA AGREGADA--NOMBRE PERSONAL
Nombre de persona Gutiérrez Vega, Lucas.
9 (RLIN) 162551
700 1# - ENTRADA AGREGADA--NOMBRE PERSONAL
Nombre de persona García Rodríguez, Buenaventura.
9 (RLIN) 55196
830 00 - PUNTO DE ACCESO ADICIONAL DE SERIE-TÍTULO UNIFORME
Título uniforme Patmos (Rialp)
Designación de volumen o secuencia 7
9 (RLIN) 181154
852 ## - LOCALIZACIÓN
Ubicación ES-MaACL
Número de control de estantería D-5702
Holdings
Estatus retirado Estado de pérdida Estado de daño No para préstamo Biblioteca de origen Biblioteca actual Ubicación en estantería Fecha de adquisición Fuente de adquisición Total de préstamos Signatura topográfica completa Código de barras Visto por última vez Precio de reemplazo Tipo de ítem Koha
        Biblioteca del Ateneo de Madrid Biblioteca del Ateneo de Madrid Sala Valle Inclán 17/01/2008     D-5702 901040077 23/02/2023 23/02/2023 Libro impreso